000 00880nam a2200253Ia 4500
003 OSt
005 20220923211151.0
006 a|||||r|||| 00| 0
007 ta
008 Pun
020 _a8187654155 (hbk)
_c760
024 _a280,804
037 _b804, 09/03/2014, H.K. Prakashan
_cTextual
040 _aARTS
_cARTS
_bPun
041 _2Pun
_aPun
082 _aO153,1M00,2:g, Q3
100 _aਬਾਜਵਾ, ਇਹਸਾਨ
_9156290
245 0 _aਪੂਰਨ ਬਾਣੀ
_b ਪੂਰਨ ਭਗਤ ਅਤੇ ਰਾਜਾ ਰਮਾਲੂ ਦੀ ਕਥਾ
260 _aਦਿੱਲੀ
_b ਮਨਪ੍ਰੀਤ ਪ੍ਰਕਾFਨ
_c2013
300 _a259ਪੰ
_ccm.
650 _aਪੰਜਾਬੀ ਸਾਹਿਤ
942 _hO153,1M00,2:g, Q3
_cTEXL
_2CC
999 _c296252
_d296252